000 01055nam a22003017a 4500
001 8270
003 FISKH
005 20250905155824.0
008 250905b cb ||||| |||| 00| 0 eng d
020 _a9780545496568
040 _aFISKH
_beng
_cFISKH
_dFISKH
050 _aPZ8.O565 O
082 _a813.6
100 _aO'Malley , Kevin
245 _aOne upon a cool motorcycle dude /
_cBy Kevin O'Malley
260 _aNew York :
_bScholastic ,
_c2005.
300 _a35 unnumbered pages :
_bcolor illustrations ;
_c28 cm .
505 _aM
520 _aCooperatively writing a fairy tale for school, a girl imagines a beautiful princess whose beloved ponies are being stolen by a giant, and a boy conjures up the muscular biker who will guard the last pony in exchange for gold.
521 8 _a550
_bLexile
521 8 _aM
_bRaz-Plus
650 _aMotorcycles
_vFiction
650 _aRead aloud
_vFiction
700 _aHeyer, Carol
_eIllustrator
700 _aGoto, Scott
_eIllustrator
942 _2ddc
_cBK
_n0
999 _c8270
_d8270